Terri Murphy's e-listing and e-selling secrets for the technologically clueless

Bibliographic Details
Main Author: Murphy, Terri (Author)
Format: Book
Language:English
Published: Chicago : Real Estate Education Co., 2001
Subjects:

MARC

LEADER 00000cam a2200000 7i4500
001 0000009706
005 20241004.0
008 011024 ilu eng
020 |a 0793135486 (hbk) 
040 |a INS   |b eng   |e rda 
090 0 0 |a HD1382.6   |b .M87 2001 
100 1 |a Murphy, Terri ,   |e author 
245 1 0 |a Terri Murphy's e-listing and e-selling secrets for the technologically clueless   |c by Terri Murphy 
246 3 0 |a E-listing and e-selling secrets for the technologically clueless 
264 1 |a Chicago :   |b Real Estate Education Co.,   |c 2001 
264 4 |c ©2001 
300 |a xi, 235 pages ;   |c 24 cm. 
336 |a text  |2 rdacontent 
337 |a unmediated  |2 rdamedia 
338 |a volume  |2 rdacarrier 
500 |a Includes index 
650 0 |a Internet marketing 
650 0 |a Real estate agents 
650 0 |a Real estate business   |x Computer networks 
650 0 |a Real estate listings   |x Computer networks 
999 |a 0000008316   |b BOOK   |c Open Shelf   |e Default branch